| 000 | 00458nam a2200169Ia 4500 | ||
|---|---|---|---|
| 008 | 121126t1972 xxu||||| |||| 00| 0 sin d | ||
| 041 | _asin | ||
| 080 |
_a8S-1 _bMAL |
||
| 100 |
_aJayasekara Malaviarachchi _eed. |
||
| 245 | _aනුදුටු සොඳුර | ||
| 246 | _aNodutu Sondura | ||
| 260 |
_bGunathilaka Mudhdhranalaya _aSeethawaka _c1972 |
||
| 300 | _b32p., 18 cm | ||
| 942 | _cBK | ||
| 999 |
_c75579 _d75579 |
||
| 003 | LK-CoDNM | ||
| 040 |
_aLK-CoDNM _dLK-CoDNM _eLK-CoDNM |
||